000 00357nam a2200145Ia 4500
008 191201s2010 xx 000 0 und d
082 _a658
_bMAP
100 _aMADAN, Pankaj
245 0 _aPrinciples and Practices of Modern Management
250 _a1st
260 _aN. Delhi
_bGlobal Vision Pub
_c2010
300 _a599
650 _aBBA
942 _2ddc
_cBK
999 _c4982
_d4982